[Event "Arequipa op 1st"]
[Site "Arequipa"]
[Date "2013.06.01"]
[Round "5"]
[White "Nina, Miguel Angel"]
[Black "Canaza, Rene"]
[Result "1-0"]
[WhiteElo "2284"]
[BlackElo "1797"]
[PlyCount "55"]
[EventDate "2013.05.25"]
[EventType "swiss"]
[EventRounds "9"]
[EventCountry "PER"]
[SourceTitle "EXT 2014"]
[Source "ChessBase"]
[SourceDate "2013.11.20"]
[SourceVersion "1"]
[SourceVersionDate "2013.11.20"]
[SourceQuality "1"]

1. d4 Nf6 2. c4 e6 3. Nc3 Bb4 4. Qc2 d5 5. Nf3 Ne4 6. e3 0-0 7. Bd3 f5 8. 0-0 c6 9. Ne2 Nd7 10. a3 Bd6 11. b4 Ndf6 12. Bb2 Qe8 13. Ne5 Qh5 14. f3 Qh6 15. Nf4 Ng5 16. Rae1 Nh5 17. b5 Bxe5 18. dxe5 Nxf4 19. exf4 Nf7 20. g3 g5 21. fxg5 Qxg5 22. bxc6 bxc6 23. Bc1 Qe7 24. g4 Qc5+ 25. Kh1 dxc4 26. gxf5 Nxe5 27. fxe6 Nxd3 28. Qc3 1-0

[Event "Arequipa op 1st"]
[Site "Arequipa"]
[Date "2013.05.31"]
[Round "4"]
[White "Cori, Jorge Moise"]
[Black "Nina, Miguel Angel"]
[Result "1-0"]
[WhiteElo "2546"]
[BlackElo "2284"]
[PlyCount "121"]
[EventDate "2013.05.25"]
[EventType "swiss"]
[EventRounds "9"]
[EventCountry "PER"]
[SourceTitle "EXT 2014"]
[Source "ChessBase"]
[SourceDate "2013.11.20"]
[SourceVersion "1"]
[SourceVersionDate "2013.11.20"]
[SourceQuality "1"]

1. d4 e6 2. c4 Nf6 3. Nc3 Bb4 4. Qc2 c5 5. Nf3 Nc6 6. a3 Qa5 7. axb4 Qxa1 8. bxc5 b6 9. cxb6 axb6 10. e4 Nb4 11. Qd1 0-0 12. e5 Ne8 13. Be2 Na2 14. Nxa2 Qxa2 15. 0-0 Bb7 16. Qc2 f5 17. Bg5 Rc8 18. Nd2 Rf7 19. Nb3 Qa4 20. Ra1 Qb4 21. Bd2 Qe7 22. Qd1 d6 23. f3 dxe5 24. dxe5 Qc7 25. Bc3 Rd7 26. Qe1 g6 27. Qf2 f4 28. Bf1 Ng7 29. Nd4 Qxe5 30. Re1 Qd6 31. b4 Qe7 32. Nb5 Bc6 33. Qxb6 Rb7 34. Qd4 Bxb5 35. cxb5 Qc7 36. Bb2 Qb6 37. Qxb6 Rxb6 38. Bd4 Rb7 39. b6 Rc6 40. Ra1 Rcxb6 41. Bxb6 Rxb6 42. b5 Kf7 43. Ra6 Rb8 44. Bc4 Rc8 45. Bd3 Nf5 46. Ra7+ Kf6 47. Rxh7 Rc3 48. Bxf5 exf5 49. b6 Rc2 50. Kf1 Rc1+ 51. Ke2 Rc2+ 52. Kd3 Rxg2 53. Kc3 Rg1 54. b7 Rb1 55. h4 g5 56. hxg5+ Kxg5 57. Kd4 Kf6 58. Kd5 Rd1+ 59. Kc6 Rb1 60. Kc7 Rc1+ 61. Kd8 1-0

[Event "Arequipa op 1st"]
[Site "Arequipa"]
[Date "2013.05.30"]
[Round "1"]
[White "Nina, Miguel Angel"]
[Black "Flores Jimenez, Fiorella Mariana"]
[Result "1-0"]
[WhiteElo "2284"]
[BlackElo "1338"]
[PlyCount "71"]
[EventDate "2013.05.25"]
[EventType "swiss"]
[EventRounds "9"]
[EventCountry "PER"]
[SourceTitle "EXT 2014"]
[Source "ChessBase"]
[SourceDate "2013.11.20"]
[SourceVersion "1"]
[SourceVersionDate "2013.11.20"]
[SourceQuality "1"]

1. e4 c5 2. d4 cxd4 3. c3 e5 4. cxd4 exd4 5. Nf3 Nc6 6. Nxd4 Nf6 7. Nc3 Bb4 8. Nxc6 bxc6 9. Bd3 0-0 10. 0-0 Bb7 11. e5 Ne8 12. Qg4 Qc7 13. Qxb4 c5 14. Qh4 h6 15. Bxh6 Qc6 16. Be4 Qxh6 17. Qxh6 gxh6 18. Bxb7 Rb8 19. Bd5 Rxb2 20. Ne4 Nc7 21. Bc4 Ne6 22. Nf6+ Kg7 23. Rad1 Ng5 24. h4 Ne6 25. Rd3 Rfb8 26. Rg3+ Kh8 27. Bxe6 dxe6 28. Kh2 c4 29. Rd1 Rxf2 30. Rd7 Rc8 31. Rxf7 Rxf6 32. exf6 c3 33. Rgg7 c2 34. Rh7+ Kg8 35. Rfg7+ Kf8 36. Rh8# 1-0

[Event "Alexander the Great op 5th"]
[Site "Porto Carras"]
[Date "2013.05.10"]
[Round "5"]
[White "Arsovic, Zoran"]
[Black "Nina, Miguel Angel"]
[Result "1-0"]
[WhiteElo "2434"]
[BlackElo "2284"]
[PlyCount "89"]
[EventDate "2013.05.07"]
[EventType "swiss"]
[EventRounds "7"]
[EventCountry "GRE"]
[SourceTitle "CBM 154 Extra"]
[Source "ChessBase"]
[SourceDate "2013.06.25"]
[SourceVersion "2"]
[SourceVersionDate "2013.06.25"]
[SourceQuality "1"]

1. Nf3 Nf6 2. c4 g6 3. Nc3 Bg7 4. e4 d6 5. d4 0-0 6. Be2 e5 7. 0-0 Nc6 8. d5 Ne7 9. Kh1 Nd7 10. Be3 f5 11. Ng5 Nf6 12. f3 f4 13. Bf2 Re8 14. c5 h6 15. cxd6 cxd6 16. Ne6 Bxe6 17. dxe6 Nc6 18. Nb5 Bf8 19. Qb3 Kh8 20. Rfd1 a6 21. Nc3 b5 22. Nd5 Nxd5 23. exd5 Ne7 24. a4 bxa4 25. Rxa4 Rb8 26. Qc3 a5 27. Rxf4 Bg7 28. Rf7 Rb4 29. g4 Qa8 30. Qd2 Qb7 31. Bh4 Rxb2 32. Qc1 Kg8 33. Bf6 Bf8 34. Bxe7 Rxe7 35. Rxf8+ Kxf8 36. Qxh6+ Rg7 37. Qh8+ Rg8 38. Qf6+ Ke8 39. Bd3 Qg7 40. Qg5 Qe7 41. Bxg6+ Kd8 42. Qc1 Qb7 43. e7+ Kd7 44. Qg5 Qb3 45. Qf5+ 1-0

[Event "Alexander the Great op 5th"]
[Site "Porto Carras"]
[Date "2013.05.09"]
[Round "3"]
[White "Itkis, Boris"]
[Black "Nina, Miguel Angel"]
[Result "1/2-1/2"]
[WhiteElo "2395"]
[BlackElo "2284"]
[PlyCount "42"]
[EventDate "2013.05.07"]
[EventType "swiss"]
[EventRounds "7"]
[EventCountry "GRE"]
[SourceTitle "CBM 154 Extra"]
[Source "ChessBase"]
[SourceDate "2013.06.25"]
[SourceVersion "2"]
[SourceVersionDate "2013.06.25"]
[SourceQuality "1"]

1. d4 Nf6 2. c4 e6 3. Nf3 Bb4+ 4. Nbd2 c5 5. a3 Bxd2+ 6. Bxd2 cxd4 7. Nxd4 d5 8. cxd5 Qxd5 9. Nf3 0-0 10. Bc3 Rd8 11. Bxf6 Qxd1+ 12. Rxd1 Rxd1+ 13. Kxd1 gxf6 14. e3 Bd7 15. Bd3 Nc6 16. Ke2 Kf8 17. Rc1 Rc8 18. Rc4 h6 19. Rh4 Kg7 20. Rg4+ Kf8 21. Rh4 Kg7 1/2-1/2

[Event "American Continental 08th"]
[Site "Mar del Plata"]
[Date "2012.10.18"]
[Round "8"]
[White "Nina, Miguel Angel"]
[Black "Saitta, Jorge"]
[Result "1-0"]
[WhiteElo "2298"]
[BlackElo "1847"]
[PlyCount "87"]
[EventDate "2012.10.12"]
[EventType "swiss"]
[EventRounds "11"]
[EventCountry "ARG"]
[SourceTitle "EXT 2013"]
[Source "ChessBase"]
[SourceDate "2012.11.22"]
[SourceVersion "1"]
[SourceVersionDate "2012.11.22"]
[SourceQuality "1"]

1. e4 c5 2. Nf3 Nc6 3. d4 cxd4 4. c3 d3 5. Bxd3 e5 6. c4 Nf6 7. 0-0 Be7 8. Nc3 d6 9. h3 0-0 10. Be3 h6 11. Qd2 Kh7 12. Rfd1 Be6 13. Nd5 Qd7 14. Nxe7 Qxe7 15. b4 b6 16. Rac1 Rfd8 17. Qb2 Rab8 18. a3 g5 19. Nh2 Nh5 20. Nf1 Nf4 21. Be2 f6 22. Ng3 Nxe2+ 23. Qxe2 Qf7 24. c5 bxc5 25. bxc5 dxc5 26. Rxc5 Nd4 27. Bxd4 exd4 28. Nf5 Bxf5 29. Rxf5 Kg6 30. h4 Qe7 31. h5+ Kh7 32. e5 Rb6 33. Qe4 Kg8 34. Rxd4 Rxd4 35. Qxd4 fxe5 36. Rxe5 Qd6 37. Qc4+ Kg7 38. Qc3 Kh7 39. Qc2+ Kg7 40. Rc5 Rb7 41. g3 Rd7 42. Kh2 Qe6 43. Rc6 Rd6 44. Rc7+ 1-0

[Event "American Continental 08th"]
[Site "Mar del Plata"]
[Date "2012.10.12"]
[Round "1"]
[White "Nina, Miguel Angel"]
[Black "Bilbao, Guillermo"]
[Result "1-0"]
[WhiteElo "2298"]
[BlackElo "1890"]
[PlyCount "53"]
[EventDate "2012.10.12"]
[EventType "swiss"]
[EventRounds "11"]
[EventCountry "ARG"]
[SourceTitle "EXT 2013"]
[Source "ChessBase"]
[SourceDate "2012.11.22"]
[SourceVersion "1"]
[SourceVersionDate "2012.11.22"]
[SourceQuality "1"]

1. d4 Nf6 2. Nf3 d5 3. Bg5 e6 4. e3 Be7 5. Bd3 0-0 6. Nbd2 b6 7. Qe2 c5 8. c3 Nbd7 9. 0-0 Bb7 10. Rad1 Ne4 11. Bf4 f5 12. h3 g5 13. Bh2 c4 14. Bxe4 fxe4 15. Ne5 Nxe5 16. Bxe5 Bd6 17. Bxd6 Qxd6 18. f3 exf3 19. Nxf3 Rf5 20. g4 Rf6 21. Kg2 h6 22. Ne5 Raf8 23. Rxf6 Rxf6 24. Rh1 Qe7 25. h4 Qh7 26. hxg5 Qe4+ 27. Kg3 1-0

[Event "Villa Martelli 54th Aniv ITT 1st"]
[Site "Villa Martelli"]
[Date "2008.07.13"]
[Round "8"]
[White "Delai, Paula Fernanda"]
[Black "Nina, Miguel Angel"]
[Result "0-1"]
[WhiteElo "2081"]
[BlackElo "2252"]
[PlyCount "60"]
[EventDate "2008.07.08"]
[EventType "tourn"]
[EventRounds "11"]
[EventCountry "ARG"]
[EventCategory "3"]
[SourceTitle "CBM 125 Extra"]
[Source "ChessBase"]
[SourceDate "2008.09.01"]
[SourceVersion "1"]
[SourceVersionDate "2008.09.01"]
[SourceQuality "1"]

1. d4 Nf6 2. Nf3 c5 3. e3 d5 4. Nbd2 Nc6 5. b3 cxd4 6. Nxd4 e5 7. Nxc6 bxc6 8. Bb2 Bb4 9. Bxe5 Ne4 10. c3 Nxc3 11. Bxc3 Bxc3 12. Rc1 Bb4 13. Rxc6 0-0 14. Bd3 d4 15. 0-0 dxe3 16. Ne4 Bb7 17. Rc2 Qe7 18. f3 f5 19. Ng3 f4 20. Ne4 Kh8 21. Qa1 Rad8 22. Rd1 Bxe4 23. Bxe4 Bd2 24. g3 fxg3 25. hxg3 Qg5 26. Kg2 e2 27. Rh1 h6 28. Re1 Qe3 29. Rc7 Rd4 30. Re7 Bxe1 0-1

[Event "Villa Martelli 54th Aniv ITT 1st"]
[Site "Villa Martelli"]
[Date "2008.07.13"]
[Round "7"]
[White "Nina, Miguel Angel"]
[Black "Goldwaser, Christian"]
[Result "0-1"]
[WhiteElo "2252"]
[BlackElo "2374"]
[PlyCount "78"]
[EventDate "2008.07.08"]
[EventType "tourn"]
[EventRounds "11"]
[EventCountry "ARG"]
[EventCategory "3"]
[SourceTitle "CBM 125 Extra"]
[Source "ChessBase"]
[SourceDate "2008.09.01"]
[SourceVersion "1"]
[SourceVersionDate "2008.09.01"]
[SourceQuality "1"]

1. e4 e6 2. d4 d5 3. e5 c5 4. c3 Qb6 5. Nf3 Nc6 6. a3 c4 7. g3 Bd7 8. Bh3 f6 9. exf6 Nxf6 10. 0-0 Bd6 11. Re1 0-0 12. Bxe6+ Bxe6 13. Rxe6 Ne4 14. Nbd2 Nd8 15. Rxe4 dxe4 16. Nxc4 Qc7 17. Nfe5 Bxe5 18. Nxe5 Nf7 19. Nxf7 Qxf7 20. Be3 b5 21. Qc2 Qd5 22. Re1 Rf3 23. Bf4 Re8 24. Be3 h5 25. h4 Ref8 26. Kg2 Rxf2+ 27. Qxf2 Rxf2+ 28. Kxf2 Kf7 29. Ke2 Qb3 30. Rd1 Qxb2+ 31. Rd2 Qxc3 32. d5 Ke7 33. d6+ Kd7 34. Rd1 Qxa3 35. Bf4 Qf3+ 36. Kd2 Qf2+ 37. Kc3 b4+ 38. Kb3 Qf3+ 39. Kc2 b3+ 0-1

[Event "Villa Martelli 54th Aniv ITT 1st"]
[Site "Villa Martelli"]
[Date "2008.07.08"]
[Round "1"]
[White "Nina, Miguel Angel"]
[Black "Guerrero, Alvaro"]
[Result "1/2-1/2"]
[WhiteElo "2252"]
[BlackElo "2154"]
[PlyCount "89"]
[EventDate "2008.07.08"]
[EventType "tourn"]
[EventRounds "11"]
[EventCountry "ARG"]
[EventCategory "3"]
[SourceTitle "CBM 125 Extra"]
[Source "ChessBase"]
[SourceDate "2008.09.01"]
[SourceVersion "1"]
[SourceVersionDate "2008.09.01"]
[SourceQuality "1"]

1. d4 f5 2. f4 Nf6 3. Nf3 e6 4. e3 Be7 5. c4 d5 6. Nc3 0-0 7. Be2 c6 8. 0-0 Ne4 9. Nxe4 fxe4 10. Ne5 Nd7 11. Rb1 Nxe5 12. dxe5 a5 13. Kh1 Kh8 14. Qc2 Qb6 15. Bd1 Bc5 16. Qe2 Qa7 17. b3 b5 18. Qf2 Rb8 19. cxd5 cxd5 20. Qg3 b4 21. Bd2 Bd7 22. Bg4 Rbc8 23. Qh3 Qb6 24. Rbc1 g6 25. Be2 Be7 26. Qg3 Bb5 27. Qg4 Bd7 28. h4 Bc5 29. Qh3 Be7 30. g4 Bb5 31. Qg2 Qa6 32. Bxb5 Qxb5 33. g5 Kg7 34. Rfd1 Qa6 35. Qf1 Qxf1+ 36. Rxf1 Rfd8 37. Rxc8 Rxc8 38. Rc1 Rxc1+ 39. Bxc1 Kf7 40. Bb2 Ke8 41. Bd4 Kd7 42. Kg2 Kc6 43. Kf1 Bc5 44. Ke2 Bxd4 45. exd4 1/2-1/2

[Event "American Continental 04th"]
[Site "Cali"]
[Date "2007.07.16"]
[Round "7"]
[White "Rosales, Daniel"]
[Black "Nina, Miguel Angel"]
[Result "0-1"]
[WhiteElo "1989"]
[BlackElo "2312"]
[PlyCount "60"]
[EventDate "2007.07.10"]
[EventType "swiss"]
[EventRounds "11"]
[EventCountry "COL"]
[SourceTitle "CBM 119 Extra"]
[Source "ChessBase"]
[SourceDate "2007.09.04"]
[SourceVersion "1"]
[SourceVersionDate "2007.09.04"]
[SourceQuality "1"]

1. d4 Nf6 2. c4 e5 3. dxe5 Ng4 4. Nf3 Bc5 5. e3 Nc6 6. Be2 Ngxe5 7. Nbd2 0-0 8. 0-0 Re8 9. a3 a5 10. b3 Qf6 11. Rb1 Qe7 12. Nxe5 Nxe5 13. Ra1 Ra6 14. Bb2 Rh6 15. Bxe5 Qxe5 16. Nf3 Qe7 17. Qc1 b6 18. Qb2 Bb7 19. h3 Bd6 20. Ra2 Rg6 21. Kh1 Be5 22. Qd2 d6 23. b4 a4 24. Rc2 c5 25. b5 Qe6 26. Qd1 Rh6 27. Ng5 Rxh3+ 28. Kg1 Rh2 29. Bf3 Qh6 30. g3 Rh1+ 0-1

[Event "American Continental 04th"]
[Site "Cali"]
[Date "2007.07.14"]
[Round "5"]
[White "Condori Aranya, Edwin"]
[Black "Nina, Miguel Angel"]
[Result "1-0"]
[WhiteElo "2207"]
[BlackElo "2312"]
[PlyCount "53"]
[EventDate "2007.07.10"]
[EventType "swiss"]
[EventRounds "11"]
[EventCountry "COL"]
[SourceTitle "CBM 119 Extra"]
[Source "ChessBase"]
[SourceDate "2007.09.04"]
[SourceVersion "1"]
[SourceVersionDate "2007.09.04"]
[SourceQuality "1"]

1. d4 d5 2. c4 c6 3. Nc3 e6 4. e4 dxe4 5. Nxe4 Nf6 6. Nxf6+ Qxf6 7. a3 e5 8. Nf3 e4 9. Ng5 Bf5 10. g4 Bg6 11. Bg2 Nd7 12. Nxe4 Qe6 13. d5 Qe7 14. 0-0 Bxe4 15. Bxe4 0-0-0 16. Re1 c5 17. Bf5 Qf6 18. Qf3 Bd6 19. g5 Qd4 20. Re4 Rhe8 21. Rxd4 Re1+ 22. Kg2 cxd4 23. b4 Kc7 24. Bxd7 Rxd7 25. Bb2 Re5 26. h4 g6 27. c5 1-0

[Event "Sao Paulo zt 2.4"]
[Site "Sao Paulo"]
[Date "2007.06.20"]
[Round "7"]
[White "Vescovi, Giovanni P"]
[Black "Nina, Miguel Angel"]
[Result "1-0"]
[WhiteElo "2609"]
[BlackElo "2312"]
[PlyCount "69"]
[EventDate "2007.06.16"]
[EventType "tourn"]
[EventRounds "9"]
[EventCountry "BRA"]
[EventCategory "10"]
[SourceTitle "CBM 118 Extra"]
[Source "ChessBase"]
[SourceDate "2007.07.04"]
[SourceVersion "1"]
[SourceVersionDate "2007.07.04"]
[SourceQuality "1"]

1. d4 d5 2. c4 c6 3. Nf3 Nf6 4. e3 e6 5. Nc3 Bd6 6. Bd3 Nbd7 7. 0-0 0-0 8. e4 dxe4 9. Nxe4 Nxe4 10. Bxe4 Nf6 11. Bc2 Re8 12. Bg5 Be7 13. Qd2 g6 14. Rad1 a5 15. h4 a4 16. Rfe1 Ra5 17. Qc3 Ng4 18. Bxe7 Rxe7 19. Qb4 Re8 20. d5 c5 21. Qc3 Qb6 22. d6 Bd7 23. Re4 f5 24. Rxg4 fxg4 25. Ne5 Qb4 26. Nxd7 Qxc3 27. bxc3 Rd8 28. Nf6+ Kg7 29. Nxg4 Ra6 30. d7 a3 31. Ne5 Rb6 32. Bb3 Kf6 33. f4 Ke7 34. Kf2 Rf8 35. Nf7 1-0

[Event "Sao Paulo zt 2.4"]
[Site "Sao Paulo"]
[Date "2007.06.16"]
[Round "1"]
[White "Fier, Alexandr"]
[Black "Nina, Miguel Angel"]
[Result "1/2-1/2"]
[WhiteElo "2499"]
[BlackElo "2312"]
[PlyCount "75"]
[EventDate "2007.06.16"]
[EventType "tourn"]
[EventRounds "9"]
[EventCountry "BRA"]
[EventCategory "10"]
[SourceTitle "CBM 118 Extra"]
[Source "ChessBase"]
[SourceDate "2007.07.04"]
[SourceVersion "1"]
[SourceVersionDate "2007.07.04"]
[SourceQuality "1"]

1. d4 d5 2. Bg5 Nf6 3. Bxf6 gxf6 4. Nc3 f5 5. e3 e6 6. Nge2 c5 7. Nf4 Nc6 8. Bb5 a6 9. Bxc6+ bxc6 10. 0-0 Rg8 11. Nd3 cxd4 12. exd4 Qh4 13. f4 Bd6 14. Qd2 a5 15. Rf3 Ba6 16. Kh1 Bxd3 17. Qxd3 Rg4 18. Raf1 Qh6 19. Ne2 Ke7 20. Rh3 Qg6 21. Rg3 Rxg3 22. Nxg3 Qg8 23. b3 Qb8 24. Qe3 Kd7 25. a4 Qb4 26. Ne2 Rc8 27. Rd1 c5 28. dxc5 Bxc5 29. Qd3 Ke7 30. c4 Rd8 31. h3 Rd6 32. Nd4 Bxd4 33. Qxd4 Qxb3 34. Qa7+ Kf6 35. Qd4+ Ke7 36. Qa7+ Kf6 37. Qd4+ Ke7 38. Qa7+ 1/2-1/2

[Event "Lima olm qual"]
[Site "Lima"]
[Date "2006.04.05"]
[Round "9"]
[White "Nina, Miguel Angel"]
[Black "Cruz, Cristhian"]
[Result "1/2-1/2"]
[WhiteElo "2333"]
[BlackElo "2225"]
[PlyCount "26"]
[EventDate "2006.04.01"]
[EventType "tourn"]
[EventRounds "9"]
[EventCountry "PER"]
[EventCategory "2"]
[SourceTitle "CBM 111 Extra"]
[Source "ChessBase"]
[SourceDate "2006.05.09"]
[SourceVersion "1"]
[SourceVersionDate "2006.05.09"]
[SourceQuality "1"]

1. d4 Nf6 2. c4 e6 3. Nf3 b6 4. e3 Bb7 5. Bd3 Be7 6. 0-0 0-0 7. Nc3 d5 8. b3 Nbd7 9. Bb2 c5 10. Rc1 Rc8 11. Qe2 Qc7 12. Rfd1 Qb8 13. cxd5 exd5 1/2-1/2

[Event "Lima olympic qual"]
[Site "Lima"]
[Date "2004.??.??"]
[Round "?"]
[White "Garcia, Jhoel"]
[Black "Nina, Miguel Angel"]
[Result "1-0"]
[WhiteElo "2201"]
[BlackElo "2347"]
[PlyCount "83"]
[EventDate "2004.??.??"]
[EventType "tourn"]
[EventRounds "8"]
[EventCountry "PER"]
[SourceTitle "EXT 2007"]
[Source "ChessBase"]
[SourceDate "2006.11.23"]
[SourceVersion "1"]
[SourceVersionDate "2006.11.23"]
[SourceQuality "1"]

1. d4 d5 2. c4 e6 3. Nc3 Nf6 4. cxd5 exd5 5. Bg5 Be7 6. e3 0-0 7. Qc2 Re8 8. Bd3 Nbd7 9. Nf3 c6 10. 0-0 Nf8 11. Rab1 g6 12. b4 a6 13. a4 Ne6 14. Bh4 Ng7 15. b5 axb5 16. axb5 Bf5 17. bxc6 bxc6 18. Ne5 Rc8 19. Rb7 Be6 20. Qa4 Qd6 21. Bg3 Qa3 22. Qxa3 Bxa3 23. Ra1 Bf8 24. Raa7 c5 25. Nxf7 Bxf7 26. Rxf7 cxd4 27. Ne2 Ne4 28. exd4 Nc3 29. Be5 Nxe2+ 30. Bxe2 Ne6 31. Rxh7 Bg7 32. Rhxg7+ Nxg7 33. Rxg7+ Kf8 34. Rh7 Rc1+ 35. Bf1 Re6 36. g4 Ra6 37. Kg2 Raa1 38. Be2 Re1 39. Bb5 Rg1+ 40. Kh3 g5 41. Rd7 Ra3+ 42. Bg3 1-0

[Event "PER Grand Prix 1st"]
[Site "Lima"]
[Date "2004.??.??"]
[Round "6"]
[White "Nina, Miguel Angel"]
[Black "Salazar, Carlos"]
[Result "1-0"]
[WhiteElo "2348"]
[BlackElo "2184"]
[PlyCount "69"]
[EventDate "2004.04.12"]
[EventType "swiss"]
[EventRounds "9"]
[EventCountry "PER"]
[SourceTitle "EXT 2005"]
[Source "ChessBase"]
[SourceDate "2004.11.15"]
[SourceVersion "1"]
[SourceVersionDate "2004.11.15"]
[SourceQuality "1"]

1. b3 Nf6 2. Nf3 g6 3. Bb2 Bg7 4. c4 0-0 5. d4 d6 6. Nc3 Nc6 7. d5 Nb8 8. g3 c6 9. Bg2 Ne4 10. Nd4 Nxc3 11. Bxc3 c5 12. Nb5 a6 13. Bxg7 Kxg7 14. Nc3 b5 15. 0-0 b4 16. Ne4 a5 17. Qd2 Na6 18. f4 Bd7 19. h4 h6 20. Nf2 Qb6 21. e4 a4 22. Rae1 Nc7 23. f5 f6 24. fxg6 Kxg6 25. Nd3 Kg7 26. Nf4 Bg4 27. Qd3 Rae8 28. Bf3 Bxf3 29. Qxf3 Rg8 30. Qg4+ Kf8 31. Qh5 Ra8 32. Qxh6+ Ke8 33. Ng6 Kd7 34. Qh7 Rae8 35. Rxf6 1-0

[Event "Lima olympic qual"]
[Site "Lima"]
[Date "2004.??.??"]
[Round "?"]
[White "Requejo, Oswaldo"]
[Black "Nina, Miguel Angel"]
[Result "1/2-1/2"]
[WhiteElo "2253"]
[BlackElo "2347"]
[PlyCount "109"]
[EventDate "2004.??.??"]
[EventType "tourn"]
[EventRounds "8"]
[EventCountry "PER"]
[SourceTitle "EXT 2007"]
[Source "ChessBase"]
[SourceDate "2006.11.23"]
[SourceVersion "1"]
[SourceVersionDate "2006.11.23"]
[SourceQuality "1"]

1. d4 Nf6 2. c4 g6 3. Nc3 Bg7 4. e4 d6 5. Nf3 0-0 6. Be2 e5 7. dxe5 dxe5 8. Qxd8 Rxd8 9. Bg5 c6 10. Nxe5 Re8 11. 0-0-0 Rxe5 12. Rd8+ Re8 13. Bxf6 Rxd8 14. Bxd8 Bxc3 15. bxc3 Be6 16. Bg5 Nd7 17. Rd1 Nb6 18. Rd8+ Rxd8 19. Bxd8 Nxc4 20. Bxc4 Bxc4 21. Kb2 Bd3 22. e5 Kf8 23. Bc7 Ke7 24. Bb8 a6 25. h4 Ke6 26. g3 Kd5 27. Bc7 Kc5 28. Bd6+ Kc4 29. a3 Bf5 30. Bc7 Be4 31. Bb6 Kd5 32. Bc7 Kc4 33. Bb6 Bf3 34. Bc7 Kc5 35. Bd6+ Kd5 36. Bc7 c5 37. Bb6 Bd1 38. Kc1 Bb3 39. Kb2 Ba4 40. Kc1 Kc6 41. Bd8 b6 42. Kb2 Bd1 43. Kc1 Bg4 44. Kb2 Kb5 45. Bc7 Kc6 46. Bd8 b5 47. Kc1 Kd5 48. Bb6 Be6 49. Kb2 h6 50. Kc1 g5 51. hxg5 hxg5 52. Kb2 a5 53. Bxa5 Kxe5 54. Bd8 f6 55. Bb6 1/2-1/2

[Event "Arequipa Cup"]
[Site "Arequipa"]
[Date "2003.12.08"]
[Round "9"]
[White "Nina, Miguel Angel"]
[Black "Granda Zuniga, Julio E"]
[Result "0-1"]
[WhiteElo "2348"]
[BlackElo "2641"]
[PlyCount "82"]
[EventDate "2003.12.06"]
[EventType "swiss"]
[EventRounds "9"]
[EventCountry "PER"]
[SourceTitle "EXT 2005"]
[Source "ChessBase"]
[SourceDate "2004.11.15"]
[SourceVersion "1"]
[SourceVersionDate "2004.11.15"]
[SourceQuality "1"]

1. e4 c6 2. d4 d5 3. Nc3 dxe4 4. Nxe4 Nd7 5. Nf3 Ngf6 6. Nxf6+ Nxf6 7. h3 Bf5 8. Bd3 Bxd3 9. Qxd3 e6 10. 0-0 Be7 11. Bg5 h6 12. Bxf6 Bxf6 13. c3 0-0 14. Rfe1 Qd5 15. Qc2 Rfd8 16. Qa4 a5 17. Qb3 a4 18. Qxd5 Rxd5 19. a3 Rad8 20. Kf1 Kf8 21. Re2 Ke7 22. Ke1 Kd7 23. Rd1 Kc7 24. Rdd2 Kb6 25. Kd1 c5 26. dxc5+ Kxc5 27. Kc2 b5 28. Rxd5+ Rxd5 29. Nd2 Kc6 30. Re4 h5 31. c4 Rc5 32. Kd3 bxc4+ 33. Nxc4 Rb5 34. Nd2 Rd5+ 35. Kc2 Bd4 36. Nf3 Bxf2 37. Rxa4 e5 38. Re4 Bg3 39. b4 f5 40. Re3 h4 41. Rc3+ Kb7 0-1

[Event "Arequipa Cup"]
[Site "Arequipa"]
[Date "2003.12.06"]
[Round "3"]
[White "Nina, Miguel Angel"]
[Black "Pacheco, Marco"]
[Result "1/2-1/2"]
[WhiteElo "2348"]
[BlackElo "2304"]
[PlyCount "53"]
[EventDate "2003.12.06"]
[EventType "swiss"]
[EventRounds "9"]
[EventCountry "PER"]
[SourceTitle "EXT 2005"]
[Source "ChessBase"]
[SourceDate "2004.11.15"]
[SourceVersion "1"]
[SourceVersionDate "2004.11.15"]
[SourceQuality "1"]

1. b3 Nf6 2. Bb2 g6 3. Nf3 Bg7 4. d4 0-0 5. Nbd2 d5 6. e3 b6 7. Bd3 Bb7 8. 0-0 c5 9. Rc1 cxd4 10. exd4 Nc6 11. c4 Bh6 12. c5 Nb4 13. Bb1 Ba6 14. Re1 Nd3 15. Bxd3 Bxd3 16. Rc3 Bf5 17. b4 Bg4 18. Qb3 b5 19. Bc1 Bg7 20. Ne5 Be6 21. Qc2 Qc7 22. Ra3 a6 23. Ndf3 Bf5 24. Qe2 Ne8 25. Bf4 Qc8 26. h3 f6 27. Nd3 1/2-1/2

[Event "PER-ch"]
[Site "Lima"]
[Date "2002.10.08"]
[Round "11"]
[White "Vera, Kelver"]
[Black "Nina, Miguel Angel"]
[Result "0-1"]
[WhiteElo "2233"]
[BlackElo "2238"]
[PlyCount "88"]
[EventDate "2002.10.01"]
[EventType "tourn"]
[EventRounds "13"]
[EventCountry "PER"]
[EventCategory "4"]
[SourceTitle "CBM 090 Extra"]
[Source "ChessBase"]
[SourceDate "2002.11.07"]
[SourceVersion "1"]
[SourceVersionDate "2002.11.07"]
[SourceQuality "1"]

1. e4 c5 2. Nf3 Nc6 3. d4 cxd4 4. c3 d3 5. Bxd3 d6 6. 0-0 g6 7. c4 Bg7 8. Nc3 Nf6 9. h3 0-0 10. Qe2 Nh5 11. Be3 e5 12. Rad1 Be6 13. Bb1 Qb8 14. b3 h6 15. Nd5 Kh7 16. Qd2 g5 17. c5 dxc5 18. Bxc5 Rg8 19. Ne3 Nf4 20. Nf5 Bf8 21. Bxf8 Qxf8 22. Qd6 Ne2+ 23. Kh2 Nc3 24. Qxf8 Rgxf8 25. Rc1 Nxb1 26. Rxb1 Bxf5 27. exf5 Kg7 28. Rfe1 Kf6 29. g4 Rad8 30. Rbd1 Rfe8 31. Nd2 e4 32. Nc4 Nd4 33. Kg2 h5 34. Ne3 b5 35. Rc1 hxg4 36. hxg4 Ke5 37. Rc5+ Kf6 38. Rc7 a6 39. Rec1 Re7 40. Rxe7 Kxe7 41. Rc7+ Kf6 42. Ra7 Rd6 43. Kg3 Ne2+ 44. Kg2 Nc1 0-1